Live Healthier Live Longer: (Record no. 186633)

MARC details
000 -LEADER
fixed length control field 00588nam a22001937a 4500
005 - DATE AND TIME OF LATEST TRANSACTION
control field 20220310153710.0
010 ## - LCCN (DPL NO)
LC control number ENG-131934
020 ## - INTERNATIONAL STANDARD BOOK NUMBER
International Standard Book Number 9789388478625
Terms of availability 150.00
035 ## - SYSTEM CONTROL NUMBER
System control number EN-115466
037 ## - SOURCE OF ACQUISITION
Source of stock number/acquisition DBAD/PUB
082 ## - DEWEY DECIMAL CLASSIFICATION NUMBER
Classification number 613.7176
245 ## - TITLE STATEMENT
Title Live Healthier Live Longer:
Statement of responsibility, etc Edited by B.M. Hegde and J.S. Pant
260 ## - PUBLICATION, DISTRIBUTION, ETC. (IMPRINT)
Place of publication, distribution, etc Bengaluru
Name of publisher, distributor, etc Prism Books Pvt. Ltd.
Date of publication, distribution, etc 2020
270 ## - ADDRESS
Address #1865,32nd Cross,10th Main BSK II Stage
City Bengaluru
Postal code 560070
300 ## - PHYSICAL DESCRIPTION
Extent v, 88p.
Dimensions 21cm(pbk)
700 ## - ADDED ENTRY--PERSONAL NAME
Personal name Hedge, B.M.
700 ## - ADDED ENTRY--PERSONAL NAME
Personal name Pant, J.S.
942 ## - ADDED ENTRY ELEMENTS (KOHA)
Source of classification or shelving scheme Dewey Decimal Classification
Item type English Books
Classification part 613.7176
Call number suffix LIV
Holdings
Withdrawn status Lost status Not for loan Collection code Home library Current library Date acquired Source of acquisition Cost, normal purchase price Full call number Barcode Copy number Cost, replacement price Koha item type
      Non-fiction Central Library Central Library 10/03/2022 DBAD/PUB 150.00 613.7176 LIV EN-115466 1 150.00 English Books

© Delhi Public Library
Hit Counter
free hit counter